=LDR 00000nam 2200000 4500 =001 INLIS000000000000456 =005 20230117020939 =035 ##$$a 0010-0123000256 =007 ta =008 230117###########################0#ind## =020 ##$$a 979-3304-58-8 =082 ##$$a 152.2 =084 ##$$a 152.2 HEN p =100 #$$a Hendriati Agustiani, Dr. =245 1#$$a Psikologi Perkembangan : $b Pendekatan Ekologi Kaitannya dengan Konsep Diri dan Penyesuaian Diri pada Remaja /$c Hendriati Agustiani, Dr. =250 ##$$a Cetakan Kedua =260 ##$$a Bandung :$b Refika Aditama,$c 2009 =300 ##$$a xi, 235 hlm : $b ilus. ; $c 25 cm. =650 #4$$a Psikologi Perkembangan =700 #$$a Drs. Dadi Pakar =520 ##$$a Psikologi Perkembangan sebagai pendekatan ekologi kaitannya dengan konsep diri dan penyesuaian diri pada remaja